| 000 | 00585nam a2200265Ia 4500 | ||
|---|---|---|---|
| 008 | 210210b2016 xxu||||| |||| 00| 0 eng d | ||
| 020 | _a9789382533138 | ||
| 041 | _aeng | ||
| 082 | _a657.046 SHUA | ||
| 100 | _aSHUKLA (M C) | ||
| 245 | _aAdvanced accounts Vol II Ed 19 | ||
| 250 | _a | ||
| 260 |
_aNew Delhi _bS. Chand & Co. Ltd. _c2016 |
||
| 300 | _axvi,1282 | ||
| 440 | _aII | ||
| 650 | _aVol | ||
| 650 | _aII | ||
| 650 | _aEd | ||
| 650 | _aAdvanced | ||
| 650 | _aaccounts | ||
| 650 | _a19 | ||
| 690 | _aAccountancy | ||
| 700 | _aGREWAL (T S) | ||
| 906 | _a072833 | ||
| 999 |
_c122631 _d122631 |
||